[Event "Rochefort op-B 16th"]
[Site "Rochefort"]
[Date "2017.02.18"]
[Round "1"]
[White "Baron, Daniel"]
[Black "Demuth, Gilles"]
[Result "1-0"]
[WhiteElo "1975"]
[BlackElo "1558"]
[PlyCount "39"]
[EventDate "2017.02.18"]
[EventType "swiss"]
[EventRounds "9"]
[EventCountry "FRA"]
[SourceTitle "CBM 177 Extra"]
[Source "ChessBase"]
[SourceDate "2017.04.27"]
[SourceVersion "1"]
[SourceVersionDate "2017.04.27"]
[SourceQuality "1"]

1. Nf3 d5 2. g3 Bf5 3. c4 e6 4. Qb3 b6 5. Bg2 Nf6 6. 0-0 Nbd7 7. d4 c6 8. Nc3 Bd6 9. Nh4 Bg6 10. Bg5 Qc7 11. Rac1 h6 12. Nxg6 fxg6 13. Bxf6 Nxf6 14. cxd5 exd5 15. Nxd5 Nxd5 16. Bxd5 Rb8 17. Rxc6 Qd7 18. Rfc1 Kd8 19. Be6 Qe7 20. Rc8+ 1-0

[Event "Niort op 1st"]
[Site "Niort"]
[Date "2004.07.05"]
[Round "1"]
[White "Starostits, Ilmars"]
[Black "Demuth, Gilles"]
[Result "1-0"]
[WhiteElo "2460"]
[BlackElo "1700"]
[PlyCount "47"]
[EventDate "2004.07.05"]
[EventType "swiss"]
[EventRounds "7"]
[EventCountry "FRA"]
[SourceTitle "CBM 101 Extra"]
[Source "ChessBase"]
[SourceDate "2004.09.01"]
[SourceVersion "2"]
[SourceVersionDate "2004.09.01"]
[SourceQuality "1"]

1. e4 e5 2. Nf3 Nc6 3. c3 Nf6 4. d4 exd4 5. e5 Qe7 6. cxd4 d6 7. Bb5 Bd7 8. 0-0 dxe5 9. dxe5 Ng8 10. Bg5 Qb4 11. Nc3 Nge7 12. Qe2 h6 13. a3 Qg4 14. h3 Qe6 15. Bc4 Qg6 16. Bxe7 Bxe7 17. Nd5 0-0-0 18. Rac1 Bxh3 19. Nf4 Qg4 20. Nxh3 Nd4 21. Nxd4 Rxd4 22. Qxg4+ Rxg4 23. Bxf7 Rf8 24. Be6+ 1-0

[Event "FRA-chT III 0203"]
[Site "France"]
[Date "2002.11.16"]
[Round "2"]
[White "Alard, Pierre"]
[Black "Demuth, Gilles"]
[Result "1-0"]
[WhiteElo "1740"]
[BlackElo "1510"]
[PlyCount "53"]
[EventDate "2002.??.??"]
[EventType "team"]
[EventRounds "7"]
[EventCountry "FRA"]
[SourceTitle "EXT 2007"]
[Source "ChessBase"]
[SourceDate "2006.11.23"]
[SourceVersion "1"]
[SourceVersionDate "2006.11.23"]
[SourceQuality "1"]

1. c4 e5 2. g3 f5 3. Bg2 Nf6 4. Nc3 c6 5. e3 Bc5 6. Nge2 0-0 7. 0-0 d6 8. d4 exd4 9. exd4 Bb6 10. b4 c5 11. bxc5 dxc5 12. d5 Re8 13. Qc2 Re7 14. Bg5 Qf8 15. Nf4 Qf7 16. d6 Re5 17. Bxf6 Qxf6 18. Nb5 a6 19. Nd5 Rxd5 20. Bxd5+ Kf8 21. Nc7 Bxc7 22. dxc7 Nd7 23. Rfe1 Ne5 24. Rab1 Ra7 25. f4 Nc6 26. Qe2 Ne7 27. Rb6 1-0